000 00315nam a22001337a 4500
008 170927b xxu||||| |||| 00| 0 eng d
020 _a9780312474447
041 _aeng
080 _a37
100 _a47
101 _aED
245 _aEMERGING CONTEMPORARY READING FOR WRITERS
_cBARRIOS.B
942 _2udc
_cBK
999 _c30324
_d30324